[Event "Madrid ch - Previa B"]
[Site "Madrid"]
[Date "2009.11.28"]
[Round "9.2"]
[White "Beltran De Heredia E., Miguel"]
[Black "Navas Jimenez, Julian"]
[Result "1/2-1/2"]
[WhiteElo "2054"]
[BlackElo "1949"]
[PlyCount "21"]
[EventDate "2009.11.05"]
[EventType "swiss"]
[EventRounds "9"]
[EventCountry "ESP"]
[Source "lmi"]
[SourceDate "2009.11.05"]

1. c4 c5 2. Nc3 Nc6 3. Nf3 e5 4. e3 Nf6 5. d4 cxd4 6. exd4 e4 7. Ng5 Bb4 8. d5
Ne5 9. Bd2 O-O 10. Qc2 Re8 11. O-O-O 1/2-1/2

[Event "Madrid ch - Previa B"]
[Site "Madrid"]
[Date "2009.11.28"]
[Round "9.3"]
[White "Gomez Gonzalez, Javier"]
[Black "Cardeña Contreras, Javier"]
[Result "1/2-1/2"]
[WhiteElo "2044"]
[BlackElo "1862"]
[PlyCount "37"]
[EventDate "2009.11.05"]
[EventType "swiss"]
[EventRounds "9"]
[EventCountry "ESP"]
[Source "lmi"]
[SourceDate "2009.11.05"]

1. e4 e6 2. d4 d5 3. Nd2 c5 4. Ngf3 Nf6 5. e5 Nfd7 6. c3 Nc6 7. Bb5 Qb6 8. Bxc6
bxc6 9. O-O cxd4 10. cxd4 c5 11. Qa4 Ba6 12. Re1 Bb5 13. Qb3 Rb8 14. Qe3 cxd4
15. Nxd4 Bc5 16. N2f3 Ba6 17. a3 Bxd4 18. Qxd4 Qxd4 19. Nxd4 1/2-1/2

[Event "Madrid ch - Previa B"]
[Site "Madrid"]
[Date "2009.11.28"]
[Round "9.4"]
[White "Garcia Serrano, Jose M"]
[Black "Sanchez Millan, Eduardo"]
[Result "1-0"]
[WhiteElo "1902"]
[BlackElo "1976"]
[PlyCount "73"]
[EventDate "2009.11.05"]
[EventType "swiss"]
[EventRounds "9"]
[EventCountry "ESP"]
[Source "lmi"]
[SourceDate "2009.11.05"]

1. e4 c5 2. d4 cxd4 3. c3 Nf6 4. e5 Nd5 5. cxd4 e6 6. Nc3 Nxc3 7. bxc3 d6 8.
exd6 Bxd6 9. Nf3 Nc6 10. Bd3 h6 11. O-O O-O 12. Re1 Qc7 13. h3 e5 14. Bd2 exd4
15. cxd4 Be6 16. Rc1 Bxa2 17. Bxh6 gxh6 18. Nh4 f5 19. Nxf5 Rxf5 20. Bxf5 Bd5
21. Qg4+ Kh8 22. Qg6 Qg7 23. Re8+ Rxe8 24. Qxe8+ Qg8 25. Re1 a5 26. g4 Qxe8 27.
Rxe8+ Kg7 28. Be6 Bf3 29. d5 Nb4 30. Rd8 a4 31. Rxd6 a3 32. Rd7+ Kf6 33. Rf7+
Ke5 34. Rxf3 a2 35. Ra3 b5 36. f4+ Kd6 37. f5 1-0

[Event "Madrid ch - Previa B"]
[Site "Madrid"]
[Date "2009.11.28"]
[Round "9.5"]
[White "Rojas Pozo, Jose Luis"]
[Black "Torres Sevilla, Cristian"]
[Result "1/2-1/2"]
[WhiteElo "1931"]
[BlackElo "1889"]
[PlyCount "64"]
[EventDate "2009.11.05"]
[EventType "swiss"]
[EventRounds "9"]
[EventCountry "ESP"]
[Source "lmi"]
[SourceDate "2009.11.05"]

1. c4 Nf6 2. Nc3 g6 3. g3 Bg7 4. Bg2 O-O 5. d3 e5 6. e4 d6 7. Nge2 c6 8. O-O
Na6 9. Rb1 Nc7 10. b4 a6 11. a4 b5 12. axb5 axb5 13. cxb5 cxb5 14. Be3 Nd7 15.
Qd2 Bb7 16. Bh6 Nb8 17. Bxg7 Kxg7 18. d4 Nc6 19. d5 Ne7 20. f4 f6 21. Kh1 Nc8
22. Rbd1 Nb6 23. fxe5 fxe5 24. Rxf8 Qxf8 25. Rf1 Qe7 26. Nc1 Nc4 27. Qf2 Ra3
28. N1a2 Bc8 29. Rb1 Bd7 30. Bf1 Qe8 31. Bxc4 bxc4 32. Qb2 Rb3 1/2-1/2

[Event "Madrid ch - Previa B"]
[Site "Madrid"]
[Date "2009.11.28"]
[Round "9.6"]
[White "Noriega De La Sierra, Antonio"]
[Black "Tome Vazquez, Oscar"]
[Result "0-1"]
[WhiteElo "1881"]
[BlackElo "2020"]
[PlyCount "96"]
[EventDate "2009.11.05"]
[EventType "swiss"]
[EventRounds "9"]
[EventCountry "ESP"]
[Source "lmi"]
[SourceDate "2009.11.05"]

1. d4 g6 2. c4 Bg7 3. g3 d6 4. Bg2 Nd7 5. Nf3 e5 6. Nc3 Ne7 7. e4 O-O 8. O-O a5
9. Bg5 h6 10. Be3 Kh7 11. Qc2 Nc6 12. d5 Ne7 13. b3 f5 14. exf5 Nxf5 15. Bd2
Nd4 16. Qd1 Nc5 17. Nxd4 exd4 18. Ne4 Bf5 19. Re1 Qd7 20. Bf4 Rae8 21. f3 g5
22. Bc1 Qf7 23. Nxc5 dxc5 24. Bd2 b6 25. Rc1 Re7 26. Rxe7 Qxe7 27. f4 g4 28.
Bf1 Re8 29. Be1 Qe4 30. Bf2 Kg6 31. Qd2 Qf3 32. Re1 Be4 33. Rxe4 Rxe4 34. Bd3
Kf6 35. Bxe4 Qxe4 36. Kf1 Kf5 37. Bg1 h5 38. Bf2 Bf6 39. Kg1 Qb1+ 40. Kg2 Qe4+
41. Kg1 d3 42. Be3 Bg7 43. Bf2 Bf6 44. Be3 Bd4 45. Bxd4 cxd4 46. Kf1 Qh1+ 47.
Kf2 Qxh2+ 48. Ke1 Qg1# 0-1

[Event "Madrid ch - Previa B"]
[Site "Madrid"]
[Date "2009.11.28"]
[Round "9.7"]
[White "Morona Minguez, Irene"]
[Black "Ruiz Quevedo, Andres"]
[Result "1-0"]
[WhiteElo "1844"]
[BlackElo "1928"]
[PlyCount "131"]
[EventDate "2009.11.05"]
[EventType "swiss"]
[EventRounds "9"]
[EventCountry "ESP"]
[Source "lmi"]
[SourceDate "2009.11.05"]

1. e4 c5 2. Nf3 d6 3. d4 cxd4 4. Nxd4 Nf6 5. Nc3 a6 6. f4 Nbd7 7. Be2 g6 8. a4
Bg7 9. O-O O-O 10. Kh1 Nc5 11. Bf3 Rb8 12. Be3 Bd7 13. a5 Ne6 14. Nxe6 Bxe6 15.
Ba7 Ra8 16. Bb6 Qc8 17. Re1 Re8 18. Qd2 Nd7 19. Bd4 Bh6 20. g4 Ne5 21. Bxe5
dxe5 22. g5 Bg7 23. Na4 Qc7 24. fxe5 Qxe5 25. Nc3 Rad8 26. Qe3 Bd7 27. Be2 Bc6
28. Bd3 e6 29. Rf1 Rd4 30. Rf3 Red8 31. Rg1 Qxa5 32. Qf4 Be8 33. Rh3 Qe5 34.
Qh4 Bc6 35. Qxh7+ Kf8 36. Qh4 Ke7 37. Qg4 Rh8 38. Rxh8 Bxh8 39. Rf1 Be8 40. h4
Kd8 41. Qf3 Bg7 42. Ne2 Rd7 43. Nc3 Kc8 44. Qf2 Qd4 45. Qf3 Be5 46. Rd1 Qb4 47.
Qf2 Bd4 48. Qe2 Qxb2 49. Nb1 Qb6 50. Na3 Qc7 51. Nc4 Qg3 52. h5 Qh4+ 53. Qh2
Qxh5 54. Qxh5 gxh5 55. Be2 h4 56. e5 Kd8 57. Kh2 Ke7 58. Kh3 Bf2 59. Rxd7+ Bxd7
60. Nd6 Bc6 61. Bh5 Bg3 62. Nxf7 Be8 63. g6 a5 64. Nd6 Bxe5 65. Nxe8 Kxe8 66.
g7+ 1-0

[Event "Madrid ch - Previa B"]
[Site "Madrid"]
[Date "2009.11.28"]
[Round "9.8"]
[White "Gallardo Perez, Jesus"]
[Black "Cano Mercado, Francisco Manuel"]
[Result "1/2-1/2"]
[WhiteElo "1832"]
[BlackElo "1887"]
[PlyCount "133"]
[EventDate "2009.11.05"]
[EventType "swiss"]
[EventRounds "9"]
[EventCountry "ESP"]
[Source "lmi"]
[SourceDate "2009.11.05"]

1. c4 c6 2. Nf3 d5 3. e3 Nf6 4. h3 Nbd7 5. d4 e6 6. Nc3 Be7 7. Bd3 dxc4 8. Bxc4
b5 9. Bd3 a6 10. O-O Bb7 11. a3 c5 12. dxc5 Nxc5 13. Bc2 Qc7 14. Qe2 O-O 15. b4
Ncd7 16. Bb2 Nb6 17. Nd2 Rfd8 18. Rfd1 Rac8 19. Rac1 Rxd2 20. Rxd2 Nc4 21. Bd3
Nxd2 22. Qxd2 Qd6 23. Qc2 Qe5 24. Qe2 Qg5 25. f4 Qg3 26. Qf2 Qxf2+ 27. Kxf2 Rd8
28. Rd1 h5 29. g3 Kf8 30. Bc2 Rc8 31. Rd2 Ke8 32. e4 Bd8 33. e5 Bb6+ 34. Ke1
Nd5 35. Ne4 Rc7 36. Nd6+ Ke7 37. Nxb7 Rxb7 38. Be4 Rd7 39. Ke2 Nc7 40. Rxd7+
Kxd7 41. Kd3 Bf2 42. g4 hxg4 43. hxg4 g6 44. Bd4 Bg3 45. Ke3 Be1 46. Ke2 Bg3
47. Be3 g5 48. Kf3 gxf4 49. Bxf4 Be1 50. Bc1 Bc3 51. Kf4 Bd4 52. Bb7 Bc3 53.
Ke4 Ke7 54. g5 a5 55. bxa5 Bxa5 56. Be3 Bc3 57. Bc6 Bb2 58. Bc5+ Kd8 59. Bd6
Bc1 60. Bxc7+ Kxc7 61. Bxb5 Bxa3 62. Be8 Bc1 63. Bxf7 Bxg5 64. Bxe6 Kd8 65. Kf5
Be7 66. Bf7 Ba3 67. e6 1/2-1/2

[Event "Madrid ch - Previa B"]
[Site "Madrid"]
[Date "2009.11.28"]
[Round "9.9"]
[White "Leniz Martinez, Francisco"]
[Black "De Los Rios Camacho, Juan A"]
[Result "1-0"]
[WhiteElo "1870"]
[BlackElo "1782"]
[PlyCount "67"]
[EventDate "2009.11.05"]
[EventType "swiss"]
[EventRounds "9"]
[EventCountry "ESP"]
[Source "lmi"]
[SourceDate "2009.11.05"]

1. Nf3 Nf6 2. c4 c5 3. Nc3 e6 4. g3 b6 5. Bg2 Bb7 6. O-O d5 7. cxd5 exd5 8. d4
Be7 9. Bg5 O-O 10. Rc1 Nbd7 11. e3 a6 12. a4 h6 13. Bxf6 Nxf6 14. Re1 Re8 15.
Qc2 Bd6 16. Nh4 cxd4 17. exd4 Rc8 18. Qd3 Bb4 19. Rxe8+ Qxe8 20. Qd1 Ne4 21.
Ne2 Rxc1 22. Nxc1 Bc6 23. Nd3 Bxa4 24. b3 Nc3 25. Qa1 Ne2+ 26. Kh1 Bxb3 27.
Nxb4 Bc4 28. Nxd5 Nxd4 29. Ne3 Nb3 30. Qc3 Be6 31. Nhf5 Bxf5 32. Nxf5 f6 33.
Bd5+ Kh8 34. Bxb3 1-0

[Event "Madrid ch - Previa B"]
[Site "Madrid"]
[Date "2009.11.28"]
[Round "9.10"]
[White "Merino Araguas, Jose Javier"]
[Black "Sanz Moriñigo, Francisco J"]
[Result "1/2-1/2"]
[WhiteElo "1866"]
[BlackElo "1736"]
[PlyCount "102"]
[EventDate "2009.11.05"]
[EventType "swiss"]
[EventRounds "9"]
[EventCountry "ESP"]
[Source "lmi"]
[SourceDate "2009.11.05"]

1. d4 Nf6 2. Nf3 g6 3. c4 d5 4. cxd5 Nxd5 5. e4 Nb6 6. h3 Bg7 7. Nc3 O-O 8. Be2
Nc6 9. Be3 e5 10. d5 Ne7 11. Qb3 c6 12. Rd1 cxd5 13. Bxb6 axb6 14. exd5 Nf5 15.
O-O Nd4 16. Nxd4 exd4 17. Na4 Rxa4 18. Qxa4 Qg5 19. Qb3 Rd8 20. Rc1 Bf5 21. Rc7
Be4 22. Bf3 Be5 23. d6 Qf4 24. Qxf7+ Qxf7 25. Rxf7 Kxf7 26. Bxe4 Rxd6 27. Rd1
d3 28. Rxd3 Rxd3 29. Bxd3 Bxb2 30. Be4 Ke6 31. Bxb7 Kd6 32. Kf1 Kc5 33. Ke2 b5
34. Kd3 b4 35. Be4 Be5 36. g3 Bd4 37. f4 Bf2 38. g4 Bg3 39. Ke3 Bh4 40. Bc2 Bf6
41. Ke4 h6 42. Bb3 g5 43. Kf5 Bd8 44. Ke4 gxf4 45. Kxf4 Bg5+ 46. Kf5 Kd6 47.
Kg6 Ke7 48. h4 Bxh4 49. Kxh6 Kf6 50. Bg8 Bg5+ 51. Kh5 Bd2 1/2-1/2

[Event "Madrid ch - Previa B"]
[Site "Madrid"]
[Date "2009.11.28"]
[Round "9.11"]
[White "Molina Garcia, Francisco J"]
[Black "Garcia Salamero, Hector"]
[Result "0-1"]
[WhiteElo "1842"]
[BlackElo "1774"]
[PlyCount "50"]
[EventDate "2009.11.05"]
[EventType "swiss"]
[EventRounds "9"]
[EventCountry "ESP"]
[Source "lmi"]
[SourceDate "2009.11.05"]

1. e4 e5 2. Nf3 Nc6 3. d4 exd4 4. Bc4 Nf6 5. e5 d5 6. Bb5 Nd7 7. Bxc6 bxc6 8.
Qxd4 Nb6 9. O-O c5 10. Qf4 h6 11. Nc3 g5 12. Qg3 g4 13. Ne1 h5 14. f4 Bf5 15.
Qf2 h4 16. a4 a5 17. Nd3 Be7 18. Nxc5 d4 19. N3e4 Qd5 20. Rd1 Bxe4 21. Nxe4
Qxe4 22. Rxd4 Qc6 23. Be3 h3 24. Rd3 Nd5 25. Bd4 Nxf4 0-1

[Event "Madrid ch - Previa B"]
[Site "Madrid"]
[Date "2009.11.28"]
[Round "9.12"]
[White "Benito Aragoneses, Miguel Angel"]
[Black "Nieto Esteban, Manuel"]
[Result "0-1"]
[WhiteElo "1747"]
[BlackElo "1801"]
[PlyCount "56"]
[EventDate "2009.11.05"]
[EventType "swiss"]
[EventRounds "9"]
[EventCountry "ESP"]
[Source "lmi"]
[SourceDate "2009.11.05"]

1. d4 d5 2. c4 e6 3. Nc3 Nf6 4. Bg5 Nbd7 5. Nf3 c6 6. cxd5 exd5 7. e3 Qa5 8.
Be2 Ne4 9. Qc2 Nxg5 10. Nxg5 Be7 11. Nf3 Nf6 12. O-O Bg4 13. a3 O-O 14. Ne5
Bxe2 15. Qxe2 a6 16. b4 Qd8 17. Rac1 Nd7 18. Nd3 Bd6 19. Na4 Qh4 20. g3 Qh3 21.
Nac5 Nxc5 22. Nxc5 Rab8 23. f4 Rfe8 24. Rf3 Bxc5 25. Rxc5 Re4 26. a4 Rbe8 27.
Rc3 Rxd4 28. b5 Rxa4 0-1

[Event "Madrid ch - Previa B"]
[Site "Madrid"]
[Date "2009.11.28"]
[Round "9.13"]
[White "Rollano Carcajona, Ruben"]
[Black "Mosteiro Montoro, Alvaro"]
[Result "1-0"]
[WhiteElo "1718"]
[BlackElo "1777"]
[PlyCount "135"]
[EventDate "2009.11.05"]
[EventType "swiss"]
[EventRounds "9"]
[EventCountry "ESP"]
[Source "lmi"]
[SourceDate "2009.11.05"]

1. d4 d5 2. c4 c6 3. Nc3 Nf6 4. Nf3 h6 5. Bf4 e6 6. e3 Nh5 7. Be5 f6 8. Nd2 g6
9. Bg3 Nxg3 10. hxg3 Bd7 11. Qg4 Rg8 12. cxd5 exd5 13. Qf3 Be6 14. Bd3 Bf7 15.
O-O Nd7 16. e4 dxe4 17. Ndxe4 Qe7 18. Qf4 O-O-O 19. Nd6+ Qxd6 20. Qd2 Bg7 21.
Rac1 Kb8 22. d5 Bxd5 23. Bxg6 Ne5 24. Bh5 f5 25. Rfd1 Nc4 26. Qc2 Bxc3 27. Qxc3
Qe5 28. Qb4 Qxb2 29. Rxc4 Qxb4 30. Rxb4 Bxa2 31. Ra1 Rd2 32. Ra4 Bb3 33. Rxa7
Rg5 34. Bf3 Bd5 35. Ra8+ Kc7 36. Rh8 Rg7 37. Rxh6 Bxf3 38. gxf3 Rd5 39. Rc1 f4
40. g4 Rd6 41. Rxd6 Kxd6 42. Rc4 Rf7 43. Kf1 b5 44. Re4 c5 45. Ke2 Re7 46. Kd3
Rf7 47. Re8 b4 48. Kc4 Re7 49. Rd8+ Rd7 50. Rf8 Re7 51. Rxf4 Re2 52. Rf6+ Ke7
53. g5 Rxf2 54. Kb3 Rg2 55. f4 Rg3+ 56. Kc4 Rc3+ 57. Kd5 b3 58. Rb6 Kf7 59. g6+
Kg7 60. f5 Rf3 61. Ke4 Rc3 62. Rb7+ Kg8 63. f6 Rc4+ 64. Kd5 Rb4 65. Rg7+ Kh8
66. Rh7+ Kg8 67. f7+ Kf8 68. Rh8+ 1-0

[Event "Madrid ch - Previa B"]
[Site "Madrid"]
[Date "2009.11.28"]
[Round "9.14"]
[White "Corral Aragon, Juan Maria"]
[Black "Dominguez Alfara, Miguel"]
[Result "1/2-1/2"]
[WhiteElo "1781"]
[BlackElo "1652"]
[PlyCount "70"]
[EventDate "2009.11.05"]
[EventType "swiss"]
[EventRounds "9"]
[EventCountry "ESP"]
[Source "lmi"]
[SourceDate "2009.11.05"]

1. e4 e5 2. Nf3 Nf6 3. d4 Nxe4 4. Qe2 d5 5. Nxe5 Be7 6. Bf4 O-O 7. Nd2 Bf5 8.
Nxe4 Bxe4 9. O-O-O Bg5 10. Bxg5 Qxg5+ 11. Kb1 Nc6 12. Nxc6 bxc6 13. f3 Bg6 14.
h4 Qf6 15. g4 h6 16. Qd2 Qxf3 17. Be2 Qe4 18. h5 Bh7 19. Bd3 Qxg4 20. Rdg1 Qe6
21. Bxh7+ Kxh7 22. Qd3+ Qe4 23. Qg3 Qxd4 24. Rh4 Qf6 25. Rf4 Qe5 26. Qd3+ Kh8
27. Rf5 Qe4 28. Qg3 Rg8 29. Rxf7 Qd4 30. Rxc7 Rab8 31. c3 Qb6 32. b3 Rb7 33.
Rxb7 Qxb7 34. Qe5 Qb6 35. Rg6 Kh7 1/2-1/2

[Event "Madrid ch - Previa B"]
[Site "Madrid"]
[Date "2009.11.28"]
[Round "9.15"]
[White "Kalinovsky, Martin"]
[Black "Fariñas Lucas, Juan Antonio"]
[Result "1-0"]
[WhiteElo "1632"]
[BlackElo "1742"]
[PlyCount "65"]
[EventDate "2009.11.05"]
[EventType "swiss"]
[EventRounds "9"]
[EventCountry "ESP"]
[Source "lmi"]
[SourceDate "2009.11.05"]

1. e4 c5 2. d4 cxd4 3. c3 d3 4. Bxd3 e5 5. Nf3 Nc6 6. O-O Nf6 7. Bg5 Be7 8.
Nbd2 O-O 9. Nc4 d6 10. h3 Be6 11. Ne3 d5 12. Bxf6 Bxf6 13. exd5 Bxd5 14. Nxd5
Kh8 15. Nxf6 Qxf6 16. Qc2 g6 17. Rfe1 Rfe8 18. Bb5 Rac8 19. Bxc6 Rxc6 20. Re2
Rce6 21. Rae1 Qe7 22. Rxe5 Rxe5 23. Rxe5 Qd7 24. Qe2 Rd8 25. Re7 Qd5 26. Qe5+
Qxe5 27. Nxe5 Rd1+ 28. Kh2 Rd2 29. Nxf7+ Kg8 30. Nh6+ Kh8 31. Rxb7 Rxf2 32. Ng4
Rd2 33. Nf6 1-0

[Event "Madrid ch - Previa B"]
[Site "Madrid"]
[Date "2009.11.28"]
[Round "9.16"]
[White "Montes Rubio, Miguel"]
[Black "Jimenez Vera, Ruben"]
[Result "0-1"]
[WhiteElo "1717"]
[BlackElo "1554"]
[PlyCount "100"]
[EventDate "2009.11.05"]
[EventType "swiss"]
[EventRounds "9"]
[EventCountry "ESP"]
[Source "lmi"]
[SourceDate "2009.11.05"]

1. d4 Nf6 2. Nf3 e6 3. Bf4 c5 4. e3 Nc6 5. Bd3 cxd4 6. exd4 Qb6 7. Be5 Be7 8.
c4 d6 9. Bxd6 Bxd6 10. c5 Qb4+ 11. Qd2 Qxd2+ 12. Nbxd2 Bf4 13. a3 Bxd2+ 14.
Kxd2 O-O 15. b4 Rd8 16. Kc3 Nd5+ 17. Kc4 b5+ 18. Kxb5 Bd7 19. Kc4 Nf4 20. Be4
f5 21. Bc2 Be8 22. g3 Bh5 23. Ng5 Be2+ 24. Kc3 h6 25. gxf4 hxg5 26. fxg5 Rxd4
27. Rhe1 Rc4+ 28. Kd2 Rd8+ 29. Kxe2 Rxc2+ 30. Kf1 Kf7 31. Red1 Rdd2 32. Rxd2
Rxd2 33. Ke1 Rb2 34. Rd1 Ke7 35. Rd6 Nb8 36. Rd3 e5 37. h4 e4 38. Rc3 Nc6 39.
f3 Rb1+ 40. Kf2 Rh1 41. Kg3 f4+ 42. Kxf4 exf3 43. Rxf3 Rxh4+ 44. Kg3 Re4 45. g6
Ne5 46. Rf4 Re3+ 47. Kf2 Rxa3 48. Re4 Kf6 49. b5 Nd3+ 50. Ke2 Nxc5 0-1

[Event "Madrid ch - Previa B"]
[Site "Madrid"]
[Date "2009.11.28"]
[Round "9.18"]
[White "Ballesteros Galvez, Daniel"]
[Black "Vicario Ramirez, Celestino"]
[Result "1-0"]
[WhiteElo "1557"]
[BlackElo "1612"]
[PlyCount "60"]
[EventDate "2009.11.05"]
[EventType "swiss"]
[EventRounds "9"]
[EventCountry "ESP"]
[Source "lmi"]
[SourceDate "2009.11.05"]

1. e4 g6 2. d4 Bg7 3. Nc3 d6 4. Be3 Nf6 5. Qd2 Ng4 6. Bf4 e5 7. dxe5 Bxe5 8. h3
Bxf4 9. Qxf4 Ne5 10. Nf3 Nbd7 11. O-O-O Nxf3 12. Qxf3 Ne5 13. Qe3 Be6 14. f4
Nc6 15. e5 d5 16. Qc5 Qe7 17. Qxe7+ Nxe7 18. Nb5 Kd7 19. Nd4 c6 20. Bd3 b5 21.
g4 a6 22. f5 gxf5 23. gxf5 Nxf5 24. Nxf5 c5 25. Ng7 c4 26. Be2 b4 27. Bxc4 Kc6
28. Nxe6 fxe6 29. Bd3 a5 30. Rdf1 a4 1-0